Doing your masters dissertation : (Record no. 7807)

000 -LEADER
fixed length control field 00713cam a22002054a 4500
003 - CONTROL NUMBER IDENTIFIER
control field OSt
005 - DATE AND TIME OF LATEST TRANSACTION
control field 20200521141144.0
008 - FIXED-LENGTH DATA ELEMENTS--GENERAL INFORMATION
fixed length control field 040429s2005 enka b 001 0 eng
020 ## - INTERNATIONAL STANDARD BOOK NUMBER
International Standard Book Number 9780761942160
082 ## - DEWEY DECIMAL CLASSIFICATION NUMBER
Classification number 808.066HAR
100 1# - MAIN ENTRY--PERSONAL NAME
Personal name Hart, Chris.
245 10 - TITLE STATEMENT
Title Doing your masters dissertation :
Remainder of title realizing your potential as a social scientist /
Statement of responsibility, etc Chris Hart.
260 ## - PUBLICATION, DISTRIBUTION, ETC. (IMPRINT)
Place of publication, distribution, etc London ;
-- Thousand Oaks, Calif. :
Name of publisher, distributor, etc Sage Publications,
Date of publication, distribution, etc 2005.
300 ## - PHYSICAL DESCRIPTION
Extent xiii, 481 p. :
Other physical details ill. ;
Dimensions 25 cm.
440 #0 - SERIES STATEMENT/ADDED ENTRY--TITLE
Title Sage essential study skills
504 ## - BIBLIOGRAPHY, ETC. NOTE
Bibliography, etc Includes bibliographical references (p. [461]-472) and index.
650 #0 - SUBJECT ADDED ENTRY--TOPICAL TERM
Topical term or geographic name as entry element Dissertations, Academic.
650 #0 - SUBJECT ADDED ENTRY--TOPICAL TERM
Topical term or geographic name as entry element Social sciences
General subdivision Research
-- Methodology.
942 ## - ADDED ENTRY ELEMENTS (KOHA)
Source of classification or shelving scheme
Holdings
Withdrawn status Lost status Source of classification or shelving scheme Damaged status Koha normalized classification for sorting Not for loan Permanent location Current location Date acquired Total Checkouts Full call number Barcode Date last seen Date last borrowed Price effective from Koha item type
        808_000000000000000_066HAR   BMS College of Architecture, Design and Planning BMS College of Architecture, Design and Planning 2020-05-21 2 808.066HAR AR-PG315 2024-03-04 2024-02-19 2020-05-21 PG Books
Copyright © 2025, The Librarian, Library and Information Centre, BMSCA D&P, Bengaluru. All Rights Reserved
web counter

Powered by Koha